00302nam a2200121Ia 4500008004100000100002500041245003300066260002800099300000900127650002000136942000700156999001700163190216s9999||||xx |||||||||||||| ||und|| aBhabani Bhattacharya 0aSteel Hawk And Other Stories bOrient Paper Backc1968 a132p aEnglish Stories cBK c12165d12165